000
00337 a2200157 4500
001
73747
020
_a
8590289788
040
_c
Anchieta - Colégio São Paulo
100
_a
Martins, Oswaldo Francisco
240
1
0
_a
Poetrix
_l
por
245
1
0
_a
Poetrix
300
_a
209
362
0
_a
2005
650
4
_a
Poesia brasileira
942
_c
BK
999
_c
73747
_d
73747